Curso de matemáticas superiores. 11$90: Teoria de numeros. Álgebra general. Combinatoria. Teoría de Pólya. Teoría de grafos. Emparejamientos. Matroides (Запись № 3806090)

Подробности
000 -МАРКЕР
контрольное поле 02044nam2a2200445 4500
001 - ИДЕНТИФИКАТОР ЗАПИСИ
контрольное поле RU\NLR\b_ik\187501
005 - ИДЕНТИФИКАТОР ВЕРСИИ
контрольное поле 20260408195501.0
010 ## - МЕЖДУНАРОДНЫЙ СТАНДАРТНЫЙ НОМЕР КНИГИ (ISBN)
Номер (ISBN) 978-5-396-00042-1
035 ## - ДРУГИЕ СИСТЕМНЫЕ НОМЕРА
Идентификатор записи (NLR Aleph) 002260000
100 ## - ДАННЫЕ ОБЩЕЙ ОБРАБОТКИ
Данные общей обработки 20101206d2010 u y0rusy50 ca
101 0# - ЯЗЫК РЕСУРСА
Язык текста, звукозаписи и т.д. испанский, кастильский испанский
102 ## - СТРАНА ПУБЛИКАЦИИ ИЛИ ПРОИЗВОДСТВА
Страна публикации российская федерация
105 ## - ПОЛЕ КОДИРОВАННЫХ ДАННЫХ: ТЕКСТОВЫЕ МАТЕРИАЛЫ, МОНОГРАФИЧЕСКИЕ
Кодированные данные о монографическом текстовом документе a |||||||||
200 1# - ЗАГЛАВИЕ И СВЕДЕНИЯ ОБ ОТВЕТСТВЕННОСТИ
Основное заглавие Teoria de numeros. Álgebra general. Combinatoria. Teoría de Pólya. Teoría de grafos. Emparejamientos. Matroides
Первые сведения об ответственности [trad. del ruso por Carlos Daniel Navarro Hernández [et al.]
210 ## - ПУБЛИКАЦИЯ, РАСПРОСТРАНЕНИЕ И ДР.
Место издания, распространения и т.д. Moscú
Имя издателя, распространителя и т. д. URSS
-- KRASAND
Дата издания, распространения и т.д. cop. 2010
215 ## - ФИЗИЧЕСКАЯ ХАРАКТЕРИСТИКА
Специфическое обозначение материала и объем 285 с.
Другие сведения о физической характеристике ил.
320 ## - ПРИМЕЧАНИЯ О НАЛИЧИИ В ДОКУМЕНТЕ БИБЛИОГРАФИИ / УКАЗАТЕЛЯ
Текст примечания Указ.: с. 277-281
461 #0 - УРОВЕНЬ НАБОРА
Встроенное поле 001RU\NLR\b_ik\110283
-- 2001#$aCurso de matemáticas superiores$eLibro de texto para centros univ.$fM.L. Krasnov, A.I. Kiseliov, G.I. Makárenko et al.$gTrad. del ruso por el dr en ciencias fís.-mat. Jairo Correa Rodríguez$v11$90
Системный номер (АБИС) связанной записи 2821654
Место публикации M.
Дата публикации 2003
Издание [Nueva ed., mod. y ampl.]
Первые сведения об ответственности M.L. Krasnov, A.I. Kiseliov, G.I. Makárenko et al.
Имя издателя, распространителя и т.д. URSS
Сведения, относящиеся к заглавию Libro de texto para centros univ.
Заглавие Curso de matemáticas superiores
ISBN 5-354-00454-3
Номер тома 11$90
517 0# - ДРУГИЕ ВАРИАНТЫ ЗАГЛАВИЯ
Вариант заглавия Álgebra general
517 0# - ДРУГИЕ ВАРИАНТЫ ЗАГЛАВИЯ
Вариант заглавия Combinatoria
517 0# - ДРУГИЕ ВАРИАНТЫ ЗАГЛАВИЯ
Вариант заглавия Teoría de Pólya
517 0# - ДРУГИЕ ВАРИАНТЫ ЗАГЛАВИЯ
Вариант заглавия Teoría de grafos
517 0# - ДРУГИЕ ВАРИАНТЫ ЗАГЛАВИЯ
Вариант заглавия Emparejamientos
517 0# - ДРУГИЕ ВАРИАНТЫ ЗАГЛАВИЯ
Вариант заглавия Matroides
606 1# - НАИМЕНОВАНИЕ ТЕМЫ КАК ПРЕДМЕТ
Наименование темы Чисел теория
Системный номер авторитетной/нормативной записи 2088565
Идентификатор авторитетной/нормативной записи RU\NLR\AUTH\661264368
606 1# - НАИМЕНОВАНИЕ ТЕМЫ КАК ПРЕДМЕТ
Наименование темы Алгебра
Системный номер авторитетной/нормативной записи 922117
Идентификатор авторитетной/нормативной записи RU\NLR\AUTH\6619328
606 1# - НАИМЕНОВАНИЕ ТЕМЫ КАК ПРЕДМЕТ
Наименование темы Комбинаторика
Системный номер авторитетной/нормативной записи 936291
Идентификатор авторитетной/нормативной записи RU\NLR\AUTH\6627045
606 1# - НАИМЕНОВАНИЕ ТЕМЫ КАК ПРЕДМЕТ
Наименование темы Графов теория
Системный номер авторитетной/нормативной записи 2181499
Идентификатор авторитетной/нормативной записи RU\NLR\AUTH\661311836
606 ## - НАИМЕНОВАНИЕ ТЕМЫ КАК ПРЕДМЕТ
Наименование темы Матроиды (мат.)
Идентификатор авторитетной/нормативной записи RU\NLR\AUTH\6628147
Системный номер авторитетной/нормативной записи 938473
606 ## - НАИМЕНОВАНИЕ ТЕМЫ КАК ПРЕДМЕТ
Наименование темы Поля (мат.)
Тематический подзаголовок Теория
Идентификатор авторитетной/нормативной записи RU\NLR\AUTH\661396828
Системный номер авторитетной/нормативной записи 2336398
686 1# - ИНДЕКСЫ ДРУГИХ КЛАССИФИКАЦИЙ
Индекс В141
686 1# - ИНДЕКСЫ ДРУГИХ КЛАССИФИКАЦИЙ
Индекс В152
686 1# - ИНДЕКСЫ ДРУГИХ КЛАССИФИКАЦИЙ
Индекс В151.3
686 1# - ИНДЕКСЫ ДРУГИХ КЛАССИФИКАЦИЙ
Индекс В182.1
801 #0 - ИСТОЧНИК ЗАПИСИ
Страна российская федерация
Организация NLR
Дата составления 20101206
Правила каталогизации RCR
830 ## - ОБЩЕЕ ПРИМЕЧАНИЕ, СОСТАВЛЕННОЕ КАТАЛОГИЗАТОРОМ
Текст примечания Теория чисел. Алгебра. Комбинаторика. Теория поля. Теория графов. Матроиды.
942 ## - ДОПОЛНИТЕЛЬНЫЕ ЭЛЕМЕНТЫ ЗАПИСИ (АБИС)
Тип экземпляра АБИС Книга
980 ## - КОЛЛЕКЦИЯ
Название коллекции Национальная библиография
Экземпляры
Тип экземпляра Дата поступления Источник поступления Библиотека постоянного хранения Библиотека текущего хранения Место хранения Шифр хранения Штрих-код Статус не для выдачи Публичное примечание
Книга 06.12.2010 Обязательный экземпляр РНБ (Московский) РНБ (Московский) Иностранный книжный фонд Ик 2004-7/966 1094282   ;